Najwięcej meczy w reprezentacji - Niemcy - Statystyki

Ogólne statystyki
  • Ten quiz został rozwiązany 492 razy
  • Średni wynik to 14 z 50
Statystyki odpowiedzi
Miejsce Zawodnik L. Meczy % Poprawnych
11. Thomas Müller 100
94%
49. Gerhard Müller 62
93%
22. Manuel Neuer 84
91%
2. Miroslav Klose 137
87%
5. Philipp Lahm 113
81%
30. Jérôme Boateng 76
79%
3. Lukas Podolski 130
79%
38. Mats Hummels 70
77%
19. Oliver Kahn 86
68%
9. Franz Beckenbauer 103
65%
17. Toni Kroos 91
56%
16. Mesut Özil 92
53%
12. Michael Ballack 98
53%
4. Bastian Schweinsteiger 121
52%
1. Lothar Matthäus 150
49%
48. Mario Götze 63
47%
28. Mario Gómez 78
41%
29. Sami Khedira 77
40%
6. Jürgen Klinsmann 108
22%
14. Karl-Heinz Rummenigge 95
22%
8. Per Mertesacker 104
22%
38. Oliver Bierhoff 70
16%
18. Rudolf Völler 90
15%
19. Andreas Brehme 86
14%
27. Torsten Frings 79
13%
14. Josef Dieter Maier 95
12%
24. Bernd Schneider 81
8%
30. Harald Schumacher 76
8%
40. Oliver Neuville 69
7%
23. Arne Friedrich 82
5%
7. Jürgen Kohler 105
5%
34. Uwe Seeler 72
5%
13. Hans-Hubert Vogts 96
4%
33. Pierre Littbarski 73
4%
21. Andreas Möller 85
3%
44. Christian Wörns 66
3%
10. Thomas Häßler 101
3%
34. Christian Ziege 72
2%
40. Stefan Reuter 69
2%
49. Thomas Berthold 62
2%
44. Willy Schulz 66
2%
24. Wolfgang Overath 81
2%
30. Guido Buchwald 76
1%
34. Hans-Peter Briegel 72
1%
24. Karlheinz Förster 81
1%
40. Manfred Kaltz 69
1%
43. Thomas Helmer 68
1%
47. Ernst Lehner 65
0%
44. Horst-Dieter Höttges 66
0%
37. Paul Janes 71
0%
Nie znaleziono quizów pasujących do podanych kryteriów
Rozkład punktacji
Procent ludzi z każdym wynikiem
Percentyl według liczby udzielonych odpowiedzi
Twoja historia wyników
Nie rozwiązałeś tego quizu